The World they wanted (Record no. 29353)

MARC details
000 -LEADER
fixed length control field 00255nam a2200109Ia 4500
082 ## - DEWEY DECIMAL CLASSIFICATION NUMBER
Classification number 82-3
Item number KAS
100 ## - MAIN ENTRY--AUTHOR NAME
Personal name Kastle, Herbert
245 #4 - TITLE STATEMENT
Title The World they wanted
260 ## - PUBLICATION, DISTRIBUTION, ETC. (IMPRINT)
Name of publisher Mayflower
Year of publication 1975
942 ## - ADDED ENTRY ELEMENTS (KOHA)
Koha item type Books
Holdings
Withdrawn status Lost status Damaged status Not for loan Home library Current library Date acquired Cost, normal purchase price Full call number Accession Number Koha item type
        RRII Library RRII Library 16/12/2021 12.15 82-3 KAS 09940 Books